000 00465nam a2200157Ia 4500
003 OSt
005 20200703104509.0
008 190216s9999||||xx |||||||||||||| ||und||
040 _coclc
082 _a941.081
_bVEN/M
100 _aVenkataraman, T K
_93493
245 0 _aA Manual Of British History /
_cT K Venkataraman
260 _bP.Varadachary & Co,
_c1949.
_aMadras:
300 _a296p
942 _cBK
_2ddc
_h941.081
_iVEN/M
_k941.081
_mVEN/M
999 _c19046
_d19046